000 01501cam a22002895a 4500
001 E152557
008 110328s2011 000 0 eng u
020 _a9781842196359
035 _a(Sirsi) u152557
041 0 _aeng
050 0 4 _a333.332 $2 18
110 2 _aRoyal Institution of Chartered Surveyors
_94900
245 0 0 _aLeasehold reform in England and Wales
250 _a2nd ed.
260 _aLondon
_bRICS
_c2011
300 _aiv, 16p.
_c30cm.
490 0 _aRICS Guidance Note
_vGN 65/2011
520 _aAims to help valuers in providing leasehold reform valuation advice, whether they are acting for the freeholder, intermediate landlord or tenant. Looks at relevant legislation, tenant's rights, the role of the valuer, and valuation principles. Appendices contain worked examples of valuations. It applies only in England and Wales and is written on the basis of the law as at 1 June 2010. Effective from February 2011.
520 _aSuperseded by third edition on 1 December 2015, L158849 (ISBN 9781783211159). Supersedes first edition (ISBN 1842191950).
590 _aKA
650 2 4 _aLEASEHOLD REFORM ACT 1967
650 2 4 _aLEASEHOLD REFORM, HOUSING AND URBAN DEVELOPMENT ACT 1993
651 4 _aEngland and Wales
_y1543-
690 _aPROPERTY-RESIDENTIAL PROPERTY-RESIDENTIAL PROPERTY APPRAISAL AND VALUATION
856 4 0 _uhttps://www.isurv.com/downloads/download/213/leasehold_reform_in_england_and_wales
_zArchived on isurv (subscription required)
942 _n0
_2ddc
999 _c112110
_d112110